000 00799nam a22002537a 4500
005 20141028161725.0
008 281014b2012 ck |||||r||||a00| 0 spa d
020 _a9789588370309
041 _aspa
044 _ack
082 0 0 _a598.72
_bA97p
100 1 _aAyerbe-Quiñones, Fernando
_928188
245 1 0 _aPlan de conservación y manejo del Tucán Pechigrís (Andigena Hypoglauca).
260 _aPereira :
_bCarder,
_bCorpocaldas,
_c2012.
300 _a46 p.
_c28 cm.
650 4 _aAves
_zColombia
_928196
650 4 _aPiciformes
_xplanes de manejo
_928197
650 4 _aAndigena nigrirostris
_928192
650 4 _aPaletón piquirrojo
_928198
650 4 _aTucán pechigris
_928199
700 1 _aGarcés, Mario Fernando
_928189
700 1 _aRojas-Días, Vladimir
_928195
942 _cLIBRO
_2ddc
999 _c8746
_d8746